Les 10 villes les plus peuplées du Territoire de Belfort (90) - Statistiques

Statistiques générales
  • Ce quiz a été pris 31 fois
  • Le résultat moyen est 4 sur 10
Statistiques - réponses
Population Communes % Correct
45 600 Belfort
100%
5 700 Delle
65%
4 600 Bavilliers
42%
3 500 Danjoutin
42%
5 200 Valdoie
42%
5 000 Beaucourt
35%
2 900 Giromagny
31%
4 100 Offemont
31%
3 400 Essert
23%
3 000 Grandvillars
23%
Aucun quiz correspondant
Distribution des résultats
% des personnes avec chaque résultat
Percentile par nombre de réponses
Votre historique - résultats
Vous n’avez pas pris ce quiz